[Event "NOR-ch Class2"]
[Site "Sarpsborg"]
[Date "2018.07.07"]
[Round "2"]
[White "Larsen, Thomas G"]
[Black "Dahl, Lasse"]
[Result "1-0"]
[WhiteElo "1701"]
[BlackElo "1627"]
[PlyCount "61"]
[EventDate "2018.07.07"]
[EventType "swiss"]
[EventRounds "9"]
[EventCountry "NOR"]
[SourceTitle "EXT 2024"]
[Source "ChessBase"]
[SourceDate "2023.10.10"]
[SourceVersion "1"]
[SourceVersionDate "2023.10.10"]
[SourceQuality "1"]

1. Nf3 Nc6 2. g3 d5 3. d4 Bf5 4. c3 h6 5. Bg2 e6 6. 0-0 Bd6 7. Re1 Nf6 8. Nbd2 Nh7 9. e4 dxe4 10. Nxe4 Bxe4 11. Rxe4 Ng5 12. Re1 Nxf3+ 13. Qxf3 Qd7 14. b4 0-0 15. Qg4 f5 16. Qe2 Rf6 17. f4 a6 18. d5 exd5 19. Bxd5+ Kh7 20. Bb2 Rg6 21. Bg2 Nd8 22. Rad1 Ne6 23. c4 Qa4 24. a3 Bxf4 25. Bxb7 Rf8 26. Bg2 c6 27. Rd7 Bg5 28. Qd3 a5 29. Rxe6 Rxe6 30. Rxg7+ Kh8 31. Rxg5+ 1-0